| 000 | 00380nam a2200157Ia 4500 | ||
|---|---|---|---|
| 008 | 230312s9999||||xx |||||||||||||| ||und|| | ||
| 020 | _a0-470-06544-0 | ||
| 082 |
_a291.13 _bBOO-A |
||
| 100 | _aBooth;Charlotte | ||
| 245 | 0 | _aAncient Egyptians Dummies | |
| 260 |
_bJohn wiley & Sons _aUK _c2007 |
||
| 300 | _a354 | ||
| 546 | _aEng. | ||
| 650 |
_aEconomics _vDummies |
||
| 942 | _cBK | ||
| 999 |
_c6932 _d6932 |
||